000 00329nam a22001337a 4500
020 _qPB.
040 _cFIZZA ISHAQ
082 _a004.36
_bAND
100 _aTANENBAUM,S.ANDREW.
_989200
245 _aDISTRIBUTED SYSTEMS /
_cANDREW S.TANENBAUM.
260 _aNEW DEHLI ;
_bPEARSON,
_c2013.
300 _a634 P. ;
942 _2ddc
_cBK
999 _c588013
_d588013